000 00376nam a2200145Ia 4500
005 20250729165742.0
008 250729s2012 xx 000 0 und d
041 _aeng
082 _a372.25 NARF
100 _aA.K. Narendra
_9232111
245 _aFamous Personalaties of India
260 _aGadag
_bSiddeshwara Prakashana
_c2012
300 _a208p
650 _aEnglish
_9232112
999 _c239619
_d239619